000
00267nam a2200109Ia 4500
008
220204s9999 xx 000 0 und d
082
_a
681.32
_b
POA
100
_a
Poakis, John G
245
0
_a
Digital communications
260
_a
London
_b
McGraw Hill
_c
1983
942
_c
BK
999
_c
39232
_d
39232